[Event "Wiesbaden op 27th"]
[Site "Wiesbaden"]
[Date "2015.08.30"]
[Round "7"]
[White "Starkbaum, Michael"]
[Black "Schreer, Maxima"]
[Result "1-0"]
[WhiteElo "1720"]
[BlackElo "1410"]
[PlyCount "115"]
[EventDate "2015.08.27"]
[EventType "swiss"]
[EventRounds "7"]
[EventCountry "GER"]
[SourceTitle "EXT 2016"]
[Source "ChessBase"]
[SourceDate "2015.10.08"]
[SourceVersion "1"]
[SourceVersionDate "2015.10.08"]
[SourceQuality "1"]

1. d4 d5 2. c4 c6 3. Nc3 Nf6 4. e3 Bf5 5. Qb3 b6 6. cxd5 Ne4 7. dxc6 Nxc6 8. Bb5 Nxc3 9. Bxc6+ Bd7 10. Bxd7+ Qxd7 11. bxc3 e6 12. Ba3 Be7 13. Nf3 0-0 14. Ne5 Qb7 15. Bxe7 Qxe7 16. 0-0 Rfc8 17. Rfc1 Rc7 18. c4 Rac8 19. Rc3 Qe8 20. Rac1 Qe7 21. c5 bxc5 22. Rxc5 Rxc5 23. Rxc5 Qd8 24. Rxc8 Qxc8 25. h3 h6 26. Qc4 Qb7 27. Kh2 Qb8 28. f4 Qb7 29. Qc6 Qxc6 30. Nxc6 a6 31. a4 Kf8 32. a5 Ke8 33. Nb8 Kd8 34. Nxa6 Kc8 35. g4 Kb7 36. Nc5+ Kc6 37. Kg3 g6 38. e4 g5 39. h4 gxf4+ 40. Kxf4 f6 41. Nxe6 Kb5 42. Kf5 Kxa5 43. Kxf6 Kb6 44. d5 Kb7 45. Ke7 Kb6 46. d6 Kb5 47. d7 Kc4 48. d8Q Kc3 49. Qd4+ Kc2 50. Ng7 Kb3 51. Qc5 Kb2 52. Qc4 h5 53. gxh5 Kb1 54. h6 Kb2 55. h7 Kb1 56. h8Q Kb2 57. Qb8+ Ka1 58. Qa4# 1-0

[Event "Rheinland Pfalz op 7th"]
[Site "Frankenthal"]
[Date "2015.06.06"]
[Round "3"]
[White "Faerber, David"]
[Black "Starkbaum, Michael"]
[Result "0-1"]
[WhiteElo "1997"]
[BlackElo "1724"]
[PlyCount "54"]
[EventDate "2015.06.04"]
[EventType "swiss"]
[EventRounds "7"]
[EventCountry "GER"]
[SourceTitle "EXT 2017"]
[Source "ChessBase"]
[SourceDate "2016.10.25"]
[SourceVersion "1"]
[SourceVersionDate "2016.10.25"]
[SourceQuality "1"]

1. e4 e5 2. Nf3 Nc6 3. Bb5 a6 4. Ba4 Nf6 5. 0-0 Nxe4 6. d4 exd4 7. Re1 d5 8. Nxd4 Bd6 9. Nxc6 Bxh2+ 10. Kh1 Qh4 11. Nd4+ Kf8 12. Rxe4 dxe4 13. Bg5 Qxg5 14. Kxh2 c5 15. Nb3 Qe5+ 16. Kg1 Be6 17. Nc3 b5 18. Bxb5 axb5 19. Nxb5 Ke7 20. Qe1 Rhd8 21. Qe3 Rxa2 22. Re1 Rxb2 23. Ra1 Bxb3 24. cxb3 Kf8 25. Qh3 h6 26. Qg4 Rxb3 27. Ra7 Rb1+ 0-1

[Event "Rheinland Pfalz op 7th"]
[Site "Frankenthal"]
[Date "2015.06.06"]
[Round "5"]
[White "Wilk, Joerg"]
[Black "Starkbaum, Michael"]
[Result "1-0"]
[WhiteElo "1984"]
[BlackElo "1724"]
[PlyCount "47"]
[EventDate "2015.06.04"]
[EventType "swiss"]
[EventRounds "7"]
[EventCountry "GER"]
[SourceTitle "EXT 2017"]
[Source "ChessBase"]
[SourceDate "2016.10.25"]
[SourceVersion "1"]
[SourceVersionDate "2016.10.25"]
[SourceQuality "1"]

1. c4 b6 2. Nc3 Bb7 3. e4 f5 4. exf5 Nf6 5. d4 d5 6. Bf4 dxc4 7. Nf3 Qd7 8. Bxc4 Qxf5 9. Bxc7 Bxf3 10. gxf3 Nbd7 11. Qe2 Rc8 12. Nb5 e5 13. dxe5 Bb4+ 14. Kf1 Qh3+ 15. Kg1 Nh5 16. Qe4 Nc5 17. Qc6+ Qd7 18. Nd6+ Ke7 19. Nxc8+ Rxc8 20. Bd6+ Ke8 21. Qd5 Kd8 22. Rd1 Ne6 23. Bxb4 Qxd5 24. Bxd5 1-0

[Event "Rheinland Pfalz op 6th"]
[Site "Gau Algesheim"]
[Date "2014.06.21"]
[Round "5"]
[White "Metzen, Dominique Karl"]
[Black "Starkbaum, Michael"]
[Result "0-1"]
[WhiteElo "1027"]
[BlackElo "1586"]
[PlyCount "96"]
[EventDate "2014.06.19"]
[EventType "swiss"]
[EventRounds "7"]
[EventCountry "GER"]
[SourceTitle "CBM 161 Extra"]
[Source "ChessBase"]
[SourceDate "2014.08.29"]
[SourceVersion "1"]
[SourceVersionDate "2014.08.29"]
[SourceQuality "1"]

1. e4 e5 2. Nf3 Nc6 3. d3 d6 4. Be3 Nf6 5. Be2 Be7 6. 0-0 0-0 7. c3 Ng4 8. Bd2 Be6 9. d4 exd4 10. cxd4 d5 11. e5 f5 12. Bc3 a5 13. Ne1 Nh6 14. Nd2 f4 15. Bd3 Nb4 16. Bb1 c5 17. Ndf3 Qd7 18. Nd3 c4 19. Nde1 Bf5 20. Nc2 Nc6 21. Bd2 b5 22. Bxf4 Bxc2 23. Qxc2 Rxf4 24. Qxh7+ Kf8 25. Rd1 Qe6 26. Bc2 Ke8 27. Qh8+ Qg8 28. Qxg8+ Nxg8 29. b3 c3 30. a3 b4 31. axb4 Bxb4 32. Ng5 Nxd4 33. Bg6+ Ke7 34. g3 Rg4 35. h4 Nxb3 36. Ra2 Rd4 37. Rxd4 Nxd4 38. Bd3 Rc8 39. Bc2 Nxc2 40. Rxc2 d4 41. f4 d3 42. Rxc3 Bxc3 43. Kf2 d2 44. Ke2 Rd8 45. Kd1 a4 46. Ne4 Ba5 47. Nc5 Rc8 48. Nd3 a3 0-1

[Event "Rheinland Pfalz op 6th"]
[Site "Gau Algesheim"]
[Date "2014.06.21"]
[Round "6"]
[White "Starkbaum, Michael"]
[Black "Marzec, Witold"]
[Result "1-0"]
[WhiteElo "1586"]
[BlackElo "1800"]
[PlyCount "61"]
[EventDate "2014.06.19"]
[EventType "swiss"]
[EventRounds "7"]
[EventCountry "GER"]
[SourceTitle "CBM 161 Extra"]
[Source "ChessBase"]
[SourceDate "2014.08.29"]
[SourceVersion "1"]
[SourceVersionDate "2014.08.29"]
[SourceQuality "1"]

1. d4 Nf6 2. c4 e6 3. Nf3 d5 4. Nbd2 Be7 5. e3 c6 6. Bd3 dxc4 7. Nxc4 b5 8. Nce5 Bb7 9. Qc2 Bb4+ 10. Bd2 Bxd2+ 11. Kxd2 Qd6 12. Ng5 Rf8 13. Bxh7 Nxh7 14. Nxh7 Rg8 15. Ng5 f5 16. Qb3 Ke7 17. Rac1 Na6 18. Ke2 Kf6 19. f4 Rac8 20. h4 c5 21. dxc5 Nxc5 22. Qb4 Bxg2 23. Rhd1 Bd5 24. Rxc5 a5 25. Qd4 Ke7 26. Nd3 Rcd8 27. b3 Qb6 28. Qe5 Rd7 29. Rdc1 a4 30. Nb4 Qa5 31. Nxd5+ 1-0

[Event "Rheinland Pfalz op 6th"]
[Site "Gau Algesheim"]
[Date "2014.06.19"]
[Round "1"]
[White "Wilhelm, Till"]
[Black "Starkbaum, Michael"]
[Result "0-1"]
[WhiteElo "1994"]
[BlackElo "1586"]
[PlyCount "68"]
[EventDate "2014.06.19"]
[EventType "swiss"]
[EventRounds "7"]
[EventCountry "GER"]
[SourceTitle "CBM 161 Extra"]
[Source "ChessBase"]
[SourceDate "2014.08.29"]
[SourceVersion "1"]
[SourceVersionDate "2014.08.29"]
[SourceQuality "1"]

1. d4 Nf6 2. Bg5 c5 3. d5 Ne4 4. Bc1 g6 5. f3 Nf6 6. e4 Bg7 7. c4 d6 8. Bd3 0-0 9. Ne2 Nbd7 10. Nec3 a6 11. 0-0 Nh5 12. f4 Bd4+ 13. Kh1 e5 14. Ne2 Qh4 15. g3 Qh3 16. Qe1 exf4 17. Nxf4 Nxf4 18. Rxf4 Ne5 19. Bf1 Qh5 20. Be2 Ng4 21. Bxg4 Bxg4 22. Nd2 Be5 23. Rf1 f5 24. exf5 Rae8 25. fxg6 hxg6 26. Rxf8+ Rxf8 27. Nb3 Bf3+ 28. Kg1 Be2 29. Be3 Rf1+ 30. Qxf1 Bxf1 31. Rxf1 Bxb2 32. Na5 Qe2 33. Bf2 Bd4 34. Nxb7 Qxc4 0-1

[Event "Rheinland Pfalz op 3rd"]
[Site "Gau Algesheim"]
[Date "2011.07.28"]
[Round "1"]
[White "Hauer, Andreas"]
[Black "Starkbaum, Michael"]
[Result "1-0"]
[WhiteElo "1998"]
[BlackElo "1558"]
[PlyCount "77"]
[EventDate "2011.07.28"]
[EventType "swiss"]
[EventRounds "7"]
[EventCountry "GER"]
[SourceTitle "EXT 2013"]
[Source "ChessBase"]
[SourceDate "2012.11.22"]
[SourceVersion "1"]
[SourceVersionDate "2012.11.22"]
[SourceQuality "1"]

1. e4 e5 2. Nf3 Nc6 3. d4 exd4 4. Nxd4 Nf6 5. Nc3 Be7 6. Bc4 Ne5 7. Be2 d5 8. exd5 Nxd5 9. Ndb5 Nb4 10. a3 Nbc6 11. Qxd8+ Bxd8 12. Nd5 0-0 13. Nbxc7 Bxc7 14. Nxc7 Rb8 15. Be3 Bf5 16. 0-0-0 Rbc8 17. Nd5 Rfd8 18. Nc3 a6 19. h3 b5 20. Rxd8+ Rxd8 21. g4 Be6 22. Rd1 Rxd1+ 23. Nxd1 Bd5 24. a4 Bc4 25. Bxc4 Nxc4 26. axb5 axb5 27. Bc5 b4 28. f4 f6 29. Nf2 Kf7 30. b3 N4a5 31. Nd3 Nb7 32. Bxb4 Nxb4 33. Nxb4 Ke6 34. Kd2 Nd6 35. Kd3 h6 36. c4 f5 37. Nc2 Ne4 38. Ke3 Nf6 39. Nd4+ 1-0